000 00864nam a2200253 a 4500
001 47426
003 BD-RjUL
005 20211209054318.0
008 160808s1975 fr b i001 0 eng
020 _a9231012975
035 _a(BD-RjUL)
040 _aDLC
_cDLC
_dBD-RjUL
_beng
041 _aeng
082 0 0 _a370
_223
_bTHW 1975
100 1 _aThomas, Jean,
_d1900-1983.
_9144238
245 1 0 _aWorld problems in education :
_ba brief analytical survey /
_cby Jean Thomas ; a study prepared for the International Bureau of Education.
260 _aParis :
_bUnesco Press,
_cc1975.
300 _a166 p. ;
_c22 cm.
504 _aIncludes index and Bibliography: p. [157]-161.
650 0 _aEducation.
_9144239
830 _aStudies and surveys in comparative education
_9132912
942 _2ddc
_cBK
999 _c47426
_d47426